000 00342nam a2200133Ia 4500
008 220214s9999 xx 000 0 und d
022 _a0011-4545
245 0 _aCYTOLOGIA
260 _bJapan Mendel Society, Tokyo
_aJapan
310 _aQ
500 _aEnding Volume & Year: 65, 2000
500 _aStarting Volume & Year: 34, 1969
942 _cBJ
999 _c4302
_d4302